Taxation for everyone

Bibliographic Details
Main Author: Peter K.S.Chow
Other Authors: Balder Singh
Format: Book
Published: Petaling Jaya : Fiscal Pubkications Sdn. Bhd , c1982
Subjects:

MARC

LEADER 00000cam a2200000 7i4500
001 0000004512
005 20060926.0
040 |a INS 
090 0 0 |a KPG2181   |b CHO 1982 
100 0 |a Peter K.S.Chow 
245 1 0 |a Taxation for everyone   |c Peter K.S. Chow 
260 |a Petaling Jaya :   |b Fiscal Pubkications Sdn. Bhd ,   |c c1982 
300 |a v,226p. ;   |c 22cm. 
650 0 0 |a Taxation   |z Malaysia   |x Law 
700 0 |a Balder Singh 
999 |a 0000003082   |b BOOK   |c Open Shelf   |e Default branch